Hannibal - Statistics

General Stats
  • This quiz has been taken 266 times
  • The average score is 5 of 15
Answer Stats
Hint Answer % Correct
How many actors have portrayed Hannibal? 4
91%
Who caught Hannibal Lecter? Will Graham
87%
What nationality is Lecter? Lithuanian
67%
Who is the author of the Hannibal Lecter novels? Thomas Harris
50%
What year was the first novel, "Red Dragon", released? 1981
44%
What colour are Hannibal's eyes? Maroon
34%
How many murders are attributed to Hannibal? 14
25%
What is Hannibals IQ? 200
25%
What is the name of the institute in which Hannibal is held? Baltimore State Hospital for the Criminally Insane
25%
What is strange about one of Lecter's hands Extra finger
14%
What is the name of Mason Vergers home? Muskrat Farm
14%
In the third book/film, "Hannibal", where is Lecter living? Florence, Italy
6%
What is the name of the tabloid that plagues Will's investigation? The National Tattler
5%
What is Hannibal's full title? Count Hannibal Lecter VIII
4%
At the end of "Hannibal Rising" what medical school was Hannibal accepted into? John Hopkins Medical Centre
1%
No matching quizzes found
Score Distribution
Percent of People with Each Score
Percentile by Number Answered
Your Score History
You have not taken this quiz